000 00308nam a22001337a 4500
008 180227b xxu||||| |||| 00| 0 eng d
020 _a9781305012059
041 _aeng
080 _24th
_a82
100 _a21
101 _aGJL
245 _aAccelerated composition& communication
_cMauk,J
942 _2udc
_cBK
999 _c43598
_d43598